000
00246nam a2200097Ia 4500
001
683046
005
20250826161430.0
008
250824s9999 xx 000 0 und d
245
0
_a
AKIL VE GERÇEK
_c
HEKİMOĞLU İSMAİL
260
_b
TİMAŞ YAYINLARI
999
_c
683046
_d
683046